书目信息 |
| 题名: |
中国人审美心理研究
|
|
| 作者: | 梁一儒 著 | |
| 分册: | ||
| 出版信息: | 济南 山东人民出版社 2002 |
|
| 页数: | 446页 | |
| 开本: | 20cm | |
| 丛书名: | ||
| 单 册: | ||
| 中图分类: | B83-092 , B83-069 | |
| 科图分类: | ||
| 主题词: | 美学史 , 美学史--研究--中国 , 美学 | |
| 电子资源: | ||
| ISBN: | 7-209-02948-6 | |
| 000 | 01029nam0 2200289 450 | |
| 001 | 1230982828 | |
| 005 | 20120928083852.67 | |
| 010 | @a7-209-02948-6@dCNY24.80 | |
| 100 | @a20020527d2002 kemy0chiy0110 ea | |
| 101 | 0 | @achi |
| 102 | @aCN@b370000 | |
| 105 | @ay z 000yy | |
| 106 | @ar | |
| 200 | 1 | @a中国人审美心理研究@Azhong guo ren shen mei xin li yan jiu@f梁一儒等著 |
| 210 | @a济南@c山东人民出版社@d2002 | |
| 215 | @a446页@d20cm | |
| 300 | @a教育部“九五”博士点基金研究项目 | |
| 314 | @a梁一儒(1936~),山东大学威海分校文艺学教授,山东大学文学与新闻传播学院博士生导师,著有《文艺民族化论稿》、《民族审美心理学概论》等。 | |
| 330 | @a本书内容包括:中国人审美心理的孕育期、中国人审美心理的萌芽期、史前文化与审美心理的特点、审美感知、审美想象、审美情感等。 | |
| 606 | 0 | @a美学史 |
| 606 | 0 | @a美学史@x研究@y中国 |
| 606 | 0 | @a美学 |
| 690 | @aB83-092@v4 | |
| 690 | @aB83-069@v4 | |
| 701 | 0 | @a梁一儒@f(1936~)@Aliang yi ru@4著 |
| 801 | 0 | @aCN@bNLC@c20020606 |
| 905 | @a10447@dB83-069@eJY76 | |
| 中国人审美心理研究/梁一儒等著 .-济南:山东人民出版社,2002 |
| 446页;20cm |
| 教育部“九五”博士点基金研究项目 |
| ISBN 7-209-02948-6:CNY24.80 |
| 本书内容包括:中国人审美心理的孕育期、中国人审美心理的萌芽期、史前文化与审美心理的特点、审美感知、审美想象、审美情感等。 |
| ● |
| 相关链接 |
|
|
|
|
正题名:中国人审美心理研究
索取号:B83-069/JY76
 
预约/预借
| 序号 | 登录号 | 条形码 | 馆藏地/架位号 | 状态 | 备注 |
| 1 | 7830088 | 278300884 | 学院路分馆/ [索取号:B83-069/JY76] | 在馆 | |
| 2 | 7830089 | 278300893 | 学院路分馆/ [索取号:B83-069/JY76] | 在馆 | |
| 3 | 7830090 | 278300900 | 学院路分馆/ [索取号:B83-069/JY76] | 在馆 |